| 000 | 00519pam a2200181 a 4500 | ||
|---|---|---|---|
| 001 | 2999074 | ||
| 005 | 20250115142426.0 | ||
| 008 | 931213s1995 mouab b 001 0 eng | ||
| 020 | _a9780801677908 | ||
| 050 | 0 | 0 |
_aQR41.2 _b.A843 1995 |
| 082 | 0 | 0 |
_a576 _220 |
| 100 | 1 |
_aAtlas, Ronald M., _d1946- |
|
| 245 | 1 | 0 |
_aPrinciples of microbiology / _cRonald M. Atlas. |
| 260 |
_aSt. Louis : _bMosby, _cc1995. |
||
| 300 |
_axxii, 888 p. : _bill. (some col.), col. maps ; _c29 cm. |
||
| 650 | 0 | _aMicrobiology. | |
| 942 |
_2lcc _cBK _n0 |
||
| 999 |
_c2570 _d2570 |
||